000 00491cam a22001571 4500
082 _a355.4
_bHAR
_cD.
100 2 _aLiddell Hart, Basil Henry,
245 1 4 _aThe decisive wars of history;
_ba study in strategy,
_cby B.H. Liddell Hart.
260 _aLondon,
_bG. Bell & sons, ltd.,
_c1929.
300 _ax, 242 p.
_bmaps (part fold.)
_c23 cm.
526 _a0
_b0
_c0
_d355_400000000000000_HAR
650 0 _aMCE
_9379
650 0 _aMilitary history
_91735
650 0 _aStrategy
942 _2ddc
_cBK
999 _c552373
_d552373